LEADER 00952nam0-22003011i-450- 001 990004143750403321 005 20080411102020.0 035 $a000414375 035 $aFED01000414375 035 $a(Aleph)000414375FED01 035 $a000414375 100 $a19990604d1979----km-y0itay50------ba 101 0 $aita 105 $ay-------00-y- 200 1 $aManuale di psichiatria del bambino$fJ. De Ajuguerra$gtraduzione (di) Paolo Gentili$gAntonella Marciani 210 $aMilano$cMasson Italia Edit.$d1979 215 $aXXII, 1105 p.$d25 cm 225 1 $aTesti di Neurologia, Psichiatria e Psicologia Clinica 610 0 $aPsichiatria infantile 676 $a618.9289 700 1$aAjuriaguerra,$bJulian de$f<1911-1993>$0161142 801 0$aIT$bUNINA$gRICA$2UNIMARC 901 $aBK 912 $a990004143750403321 952 $aP.1 PSV 349$bI.P.1878$fFLFBC 959 $aFLFBC 996 $aManuel de psychiatrie de l'enfant$924272 997 $aUNINA LEADER 02119nam 2200433 450 001 9910136705103321 005 20230725063046.0 010 $a1-62810-526-7 035 $a(CKB)3710000000907308 035 $a(MiAaPQ)EBC5245223 035 $a(EXLCZ)993710000000907308 100 $a20180311h20102010 uy 0 101 0 $aeng 135 $aurcnu|||||||| 181 $2rdacontent 182 $2rdamedia 183 $2rdacarrier 200 10$aUniform probate code and uniform trust code in a nutshell /$fby Lawrence H. Averill, Jr., Mary F. Radford 205 $aSixth edition. 210 1$aSt. Paul, Minnesota :$cWest,$d2010. 210 4$dİ2010 215 $a1 online resource (452 pages) 225 1 $aWest Nutshell Series 300 $aIncludes index. 311 $a0-314-92692-5 327 $aGeneral introduction and history -- General provisions, definitions and probate jurisdiction of the court -- Intestate succession and related concepts -- Elective share of surviving spouse, the augmented estate, and election procedure -- Family omissions and protections -- Will and donative transfers -- Rules of construction applicable to wills only -- Rules of construction applicable to wills and to other governing instruments -- General miscellaneous provisions and topics -- Administration and administration avoidance procedures -- Appointment and testacy proceedings -- The personal representative -- Creditors' claims -- Distribution and closing provisions -- Guardianship and conservatorship -- Nonprobate transfers -- General provisions relating to trusts -- Creation and modification of trusts -- Trust administration. 410 0$aNutshell series. 606 $aProbate law and practice$zUnited States$xStates 615 0$aProbate law and practice$xStates. 676 $a346.73052 700 $aAverill$b Lawrence H.$cJr.,$0160620 702 $aRadford$b Mary F. 801 0$bMiAaPQ 801 1$bMiAaPQ 801 2$bMiAaPQ 906 $aBOOK 912 $a9910136705103321 996 $aUniform probate code and uniform trust code in a nutshell$92879624 997 $aUNINA LEADER 05876nam 2200781 a 450 001 9910965390503321 005 20240516133517.0 010 $a9786613592781 010 $a9781280497551 010 $a1280497556 010 $a9789027274762 010 $a9027274762 024 7 $a10.1075/hcp.35 035 $a(CKB)2670000000160900 035 $a(EBL)871814 035 $a(OCoLC)781744875 035 $a(SSID)ssj0000633444 035 $a(PQKBManifestationID)12293868 035 $a(PQKBTitleCode)TC0000633444 035 $a(PQKBWorkID)10619878 035 $a(PQKB)11482884 035 $a(MiAaPQ)EBC871814 035 $a(Au-PeEL)EBL871814 035 $a(CaPaEBR)ebr10540411 035 $a(CaONFJC)MIL359278 035 $a(DE-B1597)721085 035 $a(DE-B1597)9789027274762 035 $a(EXLCZ)992670000000160900 100 $a20111228d2012 uy 0 101 0 $aeng 135 $aurcn||||||||| 181 $ctxt 182 $cc 183 $acr 200 12$aA cognitive linguistic analysis of the English imperative $ewith special reference to Japanese imperatives /$fHidemitsu Takahashi 205 $a1st ed. 210 $aAmsterdam ;$aPhiladelphia $cJohn Benjamins Pub. Co.$dc2012 215 $a1 online resource (260 p.) 225 1 $aHuman cognitive processing ;$vv. 35 300 $aDescription based upon print version of record. 311 08$a9789027223890 311 08$a9027223890 320 $aIncludes bibliographical references and indexes. 327 $aA Cognitive Linguistic Analysis of the English Imperative; Editorial page; Title page; LCC data; Table of contents; List of figures; List of tables; Abbreviations; Acknowledgments; Chapter 1. Introduction; 1.1 Aim and scope of the book; 1.2 Theoretical framework; 1.3 Data; 1.4 The structure of the book; 1.5 Key concepts; 1.5.1 Schema of the English imperative; 1.5.2 Prototype of the English imperative; 1.5.3 Force Exertion (outline); 1.5.4 Force Exertion (specific applications); 1.5.5 Second Person Subject; 1.5.6 Compatibility between constructions 327 $aChapter 2. Observing English imperatives in action 2.1 Introduction; 2.2 What are the most frequent verbs in English imperatives?; 2.3 Four most frequent verbs and their usage patterns; 2.3.2 tell; 2.3.3 let; 2.3.4 look; 2.4 Four other frequent verbs; 2.4.1 come and go; 2.4.2 give and take; 2.5 Overt negation; 2.6 Common accompaniments of the English imperative; 2.7 Summary; Notes; Chapter 3. The meaning of the English imperative; 3.1 Introduction; 3.2 Previous research; 3.2.1 Anti-force account; 3.2.2 Illocutionary force account 327 $a3.2.3 Cognitive Grammar accounts of indirect directive speech acts 3.3 Inadequacies of previous analyses; 3.4 Schema of the English imperative; 3.5 Prototype of the English imperative; 3.5.1 Force Exertion; 3.5.2 Specific applications; 3.5.3 Second Person Subject; 3.6 Summary; Notes; Chapter 4. Accounting for some of the findings in Chapter 2 and the choice between imperatives and i; 4.1 Introduction; 4.2 Accounting for some of the findings in Chapter 2; 4.2.1 Preference for first person objects; 4.2.2 The systematic appearance of overt negation with a specific class of verbs and adjectives 327 $a4.3 Choosing between plain imperatives and indirect directives 4.3.1 Previous claims; 4.3.2 Indirect directives in The Sky is Falling; 4.3.3 Plain imperatives in The Sky is Falling; 4.4 Summary; Notes; Chapter 5. Mixed imperative constructions: Passive, progressive, and perfective imperatives in English; 5.1 Introduction; 5.2 Constructions and compatibility between constructions; 5.3 Imperatives with passive verbs; 5.4 Imperatives with perfect verbs; 5.5 Imperatives with progressive verbs; 5.6 Summary; Notes; Chapter 6. Conditional imperatives in English; 6.1 Introduction 327 $a6.2 Previous findings and proposals 6.2.1 Non-Relevance Theoretic accounts; 6.2.2 Relevance Theoretic account; 6.3 Problems with Relevance Theoretic and non-RT analyses; 6.4 And conditional imperatives: A Construction Grammar account; 6.4.1 The and conditional imperative as a distinct construction; 6.4.2 Left-subordinating and; 6.4.3 The imperative in the and conditional imperative is not allowed to exert maximally strong forc; 6.5 Or conditional imperatives: A Construction Grammar account; 6.5.1 Asymmetric or 327 $a6.5.2 The imperative in the or conditional imperative is not only prototypical but maximally strong 330 $aThis volume offers the first comprehensive description of English imperatives made from a Cognitive Linguistic perspective. It proposes a new way of explaining the meaning and function of the imperative independently of illocutionary act classifications, which allows for quantifying the strength of imperative force in terms of parameters and numerical values. Furthermore, the book applies the theory of Construction Grammar to account for the felicity of imperatives in complex sentences. The model of description explains explicitly a wide range of phenomena, including frequency of use, prototype 410 0$aHuman cognitive processing ;$vv. 35. 606 $aEnglish language$xImperative 606 $aEnglish language$xSyntax 606 $aEnglish language$xGrammar, Comparative$xJapanese 606 $aJapanese language$xGrammar, Comparative$xEnglish 615 0$aEnglish language$xImperative. 615 0$aEnglish language$xSyntax. 615 0$aEnglish language$xGrammar, Comparative$xJapanese. 615 0$aJapanese language$xGrammar, Comparative$xEnglish. 676 $a425/.6 700 $aTakahashi$b Hidemitsu$01801822 801 0$bMiAaPQ 801 1$bMiAaPQ 801 2$bMiAaPQ 906 $aBOOK 912 $a9910965390503321 996 $aA cognitive linguistic analysis of the English imperative$94347220 997 $aUNINA